Morphological and biochemical aspects of cytodifferentiation. (Record no. 180392)
[ view plain ]
| 000 -LEADER | |
|---|---|
| fixed length control field | 00919cam3a220026500 4500 |
| 001 - CONTROL NUMBER | |
| control field | lce00672800 |
| 008 - FIXED-LENGTH DATA ELEMENTS--GENERAL INFORMATION | |
| fixed length control field | 710426s1967 sz a 100 0 eng |
| 010 ## - LIBRARY OF CONGRESS CONTROL NUMBER | |
| LC control number | 68100242 //r852 |
| 015 ## - NATIONAL BIBLIOGRAPHY NUMBER | |
| National bibliography number | Sw67-A-5533 |
| 020 ## - INTERNATIONAL STANDARD BOOK NUMBER | |
| Terms of availability | sfr 35.- |
| 035 ## - SYSTEM CONTROL NUMBER | |
| System control number | (Sirsi) r65127 |
| 035 ## - SYSTEM CONTROL NUMBER | |
| System control number | (DLC) 68100242 //r852 |
| 035 ## - SYSTEM CONTROL NUMBER | |
| System control number | (UPRA)lce00672800 |
| 040 ## - CATALOGING SOURCE | |
| Modifying agency | UPRA |
| 050 0# - LIBRARY OF CONGRESS CALL NUMBER | |
| Classification number | QL963.5 |
| Item number | .M6 |
| 082 ## - DEWEY DECIMAL CLASSIFICATION NUMBER | |
| Classification number | 591.8 |
| 245 00 - TITLE STATEMENT | |
| Title | Morphological and biochemical aspects of cytodifferentiation. |
| 260 ## - PUBLICATION, DISTRIBUTION, ETC. | |
| Place of publication, distribution, etc. | Basel ; New York : |
| -- | Basel ; New York : |
| Name of publisher, distributor, etc. | Karger, |
| Date of publication, distribution, etc. | 1967. |
| 490 1# - SERIES STATEMENT | |
| Series statement | Experimental biology and medicine ; |
| Volume/sequential designation | v. 1 |
| 500 ## - GENERAL NOTE | |
| General note | "Contributions to a round table conference held in Valbella, Switzerland, during September 1966." |
| 650 #0 - SUBJECT ADDED ENTRY--TOPICAL TERM | |
| Topical term or geographic name entry element | Cell differentiation. |
| Linkage | S9110.1 |
| 830 #0 - SERIES ADDED ENTRY--UNIFORM TITLE | |
| Uniform title | Experimental biology and medicine (Clifton, N.J.) |
| Linkage | S4743.1 |
| 949 ## - LOCAL PROCESSING INFORMATION (OCLC) | |
| a | QL963.5 |
| w | lcc |
| i | -86904 |
| m | MAIN |
| t | BOOK |
| l | ON-SHELF |
No items available.